000 00413nam a2200181Ia 4500
001 14189
005 20260306164856.0
008 260306t2012||||xx |||||||||||||| ||spa||
041 _aESP
082 _a510
_bS79
100 _aStewart, James
_eAUT
245 0 _aPrecálculo:
_bmatemáticas para el cálculo
260 _c2012
300 _a
_c
650 _aGEN
654 _aCMA
942 _cLIB
_dJUS
_fJUS
_2ddc
_n
999 _c14189
_d14189